XX Art Solidari contra la Sida
Descripción Física:
20 x 4 cm
Materias:
Punts de llibre
MARC
| LEADER | 00000nrm a2200000Ia 4500 | ||
|---|---|---|---|
| 001 | 23652 | ||
| 008 | 160829s2012 xx 000 0 cat d | ||
| 080 | |a NBM-7-8 | ||
| 245 | |a XX Art Solidari contra la Sida | ||
| 260 | |a Barcelona : |b Diputació de Barcelona, |c 2012 | ||
| 300 | |a 20 x 4 cm | ||
| 655 | 0 | |a Punts de llibre |9 52700 | |
| 710 | 1 | |a Barcelona (Catalunya : Província). |b Xarxa de Biblioteques Municipals |9 52650 | |
| 901 | |a Arxiu | ||
| 942 | |n 1 |2 udc | ||
| 952 | |0 0 |1 0 |4 0 |6 NBM78 |7 1 |9 56116 |a Arxiu |b Arxiu |d 2016-12-01 |l 0 |o NBM-7-8 |p 23652 |r 2016-12-01 00:00:00 |w 2016-12-01 |y ARXIU | ||
| 999 | |c 59992 |d 59992 | ||